Hungarian cities with more than 100.000 people - Statistics

General Stats
  • This quiz has been taken 44 times
  • The average score is 7 of 8
Answer Stats
Population Answer % Correct
1.685.342 Budapest
100%
199.858 Debrecen
95%
158.797 Szeged
95%
139.330 Pécs/Pecs
88%
127.599 Győr/Gyôr/Gyor/Gyōr/Györ
80%
147.533 Miskolc
80%
116.282 Nyíregyháza/Nyiregyháza/Nyíregyhaza/Nyiregyhaza
60%
108.120 Kecskemét/Kecskemet
53%
No matching quizzes found
Score Distribution
Percent of People with Each Score
Percentile by Number Answered
Your Score History
You have not taken this quiz